| 000 | 02236nam0a2200421 4500 | ||
|---|---|---|---|
| 001 | RU\NLR\bibl\1422487 | ||
| 005 | 20260405200709.0 | ||
| 021 |
_aRU _b2009-62730 _93868 |
||
| 035 | _a(nilc)EL/0000275294 | ||
| 035 | _a(NLR Aleph) 001414425 | ||
| 090 |
_a1302993 _c1302993 |
||
| 100 | _a20090617d2008 |||y0rusy50 ca | ||
| 101 | 0 | _arus | |
| 102 | _aRU | ||
| 105 | _aa ||||||||| | ||
| 200 | 1 |
_aПсихология и педагогика: руководство по изучению дисциплины _eучебное пособие _eдля всех специальностей заочной формы обучения _fН.В. Савина, Н.В. Гаврилова, В.П. Потапенко _gМ-во сел. хоз-ва Рос. Федерации, Федер. гос. образоват. учреждение высш. проф. образования "Ом. гос. аграр. ун-т" (ФГОУ ВПО ОмГАУ) |
|
| 210 |
_aОмск _cИзд-во ФГОУ ВПО ОмГАУ _d2008 |
||
| 215 |
_a98 с. _cил. _d21 |
||
| 320 | _aБиблиогр. в тексте | ||
| 606 | 1 |
_aПсихология _jУчебные издания для заочного обучения _9931820 _3RU\NLR\auth\6624683 |
|
| 606 | 1 |
_aПедагогика _jУчебные издания для заочного обучения _9921924 _3RU\NLR\auth\6619222 |
|
| 610 | 1 | _aПсихология | |
| 610 | 1 | _aПедагогика | |
| 686 |
_a88я738 _vLBC/RL _2rubbk |
||
| 686 |
_a74.00я738 _vLBC/RL _2rubbk |
||
| 686 | _aЮ93я73 | ||
| 686 | _aЧ31я73 | ||
| 700 | 1 |
_4070 _7ca _8rus _aСавина _bН. В. _cканд. пед. наук _gНаталья Викторовна _971235 _3RU\NLR\auth\7788307 |
|
| 701 | 1 |
_4070 _7ca _8rus _aГаврилова _bН. В. _cканд. биол. наук, психология _f1974- _gНаталья Владимировна _954257 _3RU\NLR\auth\7771329 |
|
| 701 | 1 |
_aПотапенко _bВ. П. _gВалентина Петровна _4070 |
|
| 801 | 0 |
_aRU _bОмская ГОНБ _c20090617 _grcr |
|
| 801 | 1 |
_aRU _bОмская ГОНБ _c20090617 _2rusmarc |
|
| 801 | 2 |
_aRU _bNLR _c20091012 _grcr |
|
| 830 | _aавт. по кн. | ||
| 942 | _cBOOK | ||
| 980 | _aNB | ||
| 980 | _aNBR | ||